LOUIS ARAGON, Œuvres romanesques complètes, t. V, sous la direction de DANIEL BOUGNOUX . Paris, Gallimard, coll . « Bibliothèque de la Pléiade », 2012 . Un vol . de 1616 p . (notice n° 1655414)
[ vue normale ]
| 000 -LEADER | |
|---|---|
| fixed length control field | 00645cam a2200145 4500500 |
| 005 - DATE AND TIME OF LATEST TRANSACTION | |
| control field | 20260208010153.0 |
| 041 ## - LANGUAGE CODE | |
| Language code of text/sound track or separate title | fre |
| 042 ## - AUTHENTICATION CODE | |
| Authentication code | dc |
| 100 10 - MAIN ENTRY--PERSONAL NAME | |
| Personal name | Vigier, Luc |
| Relator term | author |
| 245 00 - TITLE STATEMENT | |
| Title | LOUIS ARAGON, Œuvres romanesques complètes, t. V, sous la direction de DANIEL BOUGNOUX . Paris, Gallimard, coll . « Bibliothèque de la Pléiade », 2012 . Un vol . de 1616 p . |
| 260 ## - PUBLICATION, DISTRIBUTION, ETC. | |
| Date of publication, distribution, etc. | 2014.<br/> |
| 500 ## - GENERAL NOTE | |
| General note | 57 |
| 786 0# - DATA SOURCE ENTRY | |
| Note | Revue d'histoire littéraire de la France | 114 | 3 | 2014-07-22 | p. 729m-754m | 0035-2411 |
| 856 41 - ELECTRONIC LOCATION AND ACCESS | |
| Uniform Resource Identifier | <a href="https://shs.cairn.info/revue-d-histoire-litteraire-de-la-france-2014-3-page-729m?lang=fr&redirect-ssocas=7080">https://shs.cairn.info/revue-d-histoire-litteraire-de-la-france-2014-3-page-729m?lang=fr&redirect-ssocas=7080</a> |
Pas d'exemplaire disponible.




Réseaux sociaux